LEADER 01149cam0 2200325 450 001 000002876 005 20090217102246.0 010 $a88-317-7261-9 100 $a20010530d2000----km-y0itay50------ba 101 0 $aita 102 $aIT 105 $aaf------001yy 200 1 $a<>seta in Italia dal Medioevo al Seicento$edal baco al drappo$fa cura di Luca Molà, Reinhold C. Mueller, Claudio Zanier 210 $aVenezia$cMarsilio$dc2000 215 $aXIII, 568 p., [32] c. di tav.$cill.$d22 cm 225 2 $aPresente storico 300 $aIn copertina: Fondazione Giorgio Cini. 410 0$12001$aPresente storico 500 10$a<>seta in Italia dal Medioevo al Seicento$956362 610 1 $aStoria economica 610 1 $aSeta$aIndustria$aItalia$aSec. 13.-17. 676 $a338.47677390945$v21$9Beni e servizi. Seta. Italia 702 1$aMolà,$bLuca$4070 702 1$aMueller,$bReinhold C.$4070 702 1$aZanier,$bClaudio$4070 801 0$aIT$bUNIPARTHENOPE$gRICA$2UNIMARC 912 $a000002876 951 $a040S/96$b9371$cNAVA2$d20010530 996 $aSeta in Italia dal Medioevo al Seicento$956362 997 $aUNIPARTHENOPE LEADER 00878nam0-22002891i-450- 001 990005615820403321 005 20041213154730.0 010 $a3820472878 035 $a000561582 035 $aFED01000561582 035 $a(Aleph)000561582FED01 035 $a000561582 100 $a19990604d1983----km-y0itay50------ba 101 0 $ager 105 $af-------00--- 200 1 $aBronzekannen$eStudien zu ausgewählten archaischen und klassischen Oinochoenformen aus Metall in Griechenland und Etrurien$fThomas Weber 210 $aFrankfurt am Main$cPeter Lang$dc1983 215 $aXX, 502 p., 28 tav.$d21 cm 225 1 $aArchäologische Studien$v5 700 1$aWeber,$bThomas$0216689 801 0$aIT$bUNINA$gRICA$2UNIMARC 901 $aBK 912 $a990005615820403321 952 $aP.4 B 1538$fFLFBC 959 $aFLFBC 996 $aBronzekannen$9288567 997 $aUNINA